00277nam a22000977a 4500008004100000082002300041100002700064245003300091260004400124300001100168230626b xxu||||| |||| 00| 0 eng d 22a328.3bSHA 1976 c Lok Sabha Secretariat aThe Commonwealth Parliaments aNew Delhib Lok Sabha Secretariatc1976 aX,287p